Những động vật kỳ lạ

Сохранить в:
Библиографические подробности
Формат:
Язык:Undetermined
Опубликовано: Hà Nội Thông tấn 2007
Предметы:
Метки: Добавить метку
Нет меток, Требуется 1-ая метка записи!
Thư viện lưu trữ: Trung tâm Học liệu Trường Đại học Cần Thơ
LEADER 00502nam a2200181Ia 4500
001 CTU_129489
008 210402s9999 xx 000 0 und d
020 |c 23000 
082 |a 590 
082 |b Nh556 
245 0 |a Những động vật kỳ lạ 
245 0 |c Đào Lệ Hằng ( Sưu tầm, biên soạn) 
260 |a Hà Nội 
260 |b Thông tấn 
260 |c 2007 
650 |a Zoology 
904 |i Giang 
980 |a Trung tâm Học liệu Trường Đại học Cần Thơ